000 00297nam a2200121Ia 4500
008 190216s9999||||xx |||||||||||||| ||und||
100 _aAhluwalia V K & Renu Aggarwal
245 0 _aOrganic Synthesis
260 _bNarosa Pubs House
_c2001
300 _a200p
650 _aChemistry
942 _cBK
999 _c3101
_d3101